[Event "ICS rated standard match"]
[Site "204.178.125.65"]
[Date "2000.08.08"]
[Round "?"]
[White "Pennswoodpusher"]
[Black "Hossa"]
[Result "0-1"]
[WhiteElo "2073"]
[BlackElo "2360"]
[PlyCount "64"]
[EventDate "2000.??.??"]

1. e4 Nf6 2. Nc3 e5 3. f4 d5 4. fxe5 Nxe4 5. Nf3 Bc5 6. d4 Bb4 7. Bd2 Nc6 8.
Be2 O-O 9. O-O f6 10. Nxe4 dxe4 11. Bxb4 Nxb4 12. Bc4+ Kh8 13. Ne1 Bg4 14. Qd2
fxe5 15. Rxf8+ Qxf8 16. c3 Nc6 17. Qg5 Qf4 18. Qh4 exd4 19. cxd4 Rf8 20. Nc2
Qd2 21. Qxg4 Qf2+ 22. Kh1 Qxc2 23. Rf1 Rxf1+ 24. Bxf1 Ne7 25. Qd7 Qf2 26. Qe8+
Ng8 27. Qb5 Nf6 28. h3 c6 29. Qc4 Nh5 30. Be2 Ng3+ 31. Kh2 Nxe2 32. Qe6 Qg1#
0-1

[Event "ICS rated standard match"]
[Site "204.178.125.65"]
[Date "2000.08.08"]
[Round "?"]
[White "Hossa"]
[Black "bawon"]
[Result "1-0"]
[WhiteElo "2365"]
[BlackElo "2052"]
[PlyCount "53"]
[EventDate "2000.??.??"]

1. d4 Nf6 2. c4 g6 3. Nc3 Bg7 4. Nf3 O-O 5. e4 d6 6. Be2 e5 7. dxe5 dxe5 8.
Qxd8 Rxd8 9. Bg5 Re8 10. O-O h6 11. Be3 Ng4 12. Bc5 Na6 13. Ba3 Bf8 14. Bxf8
Kxf8 15. Rad1 c6 16. Rd6 Kg7 17. Nd2 Nf6 18. f4 exf4 19. Rxf4 Nd7 20. Nb3 Ndc5
21. Nxc5 Nxc5 22. h4 Be6 23. b4 Nd7 24. b5 Ne5 25. bxc6 bxc6 26. c5 Bxa2 27.
Nxa2 {bawon resigns} 1-0

[Event "ICS rated standard match"]
[Site "204.178.125.65"]
[Date "2000.08.08"]
[Round "?"]
[White "MaxDev"]
[Black "Hossa"]
[Result "0-1"]
[WhiteElo "2479"]
[BlackElo "2370"]
[PlyCount "78"]
[EventDate "2000.??.??"]

1. e4 Nf6 2. e5 Nd5 3. d4 d6 4. c4 Nb6 5. exd6 exd6 6. Nc3 Be7 7. Be3 O-O 8. h3
d5 9. b3 Bb4 10. Rc1 Ba3 11. Rc2 Bf5 12. Bd3 Bxd3 13. Qxd3 Nc6 14. Re2 dxc4 15.
bxc4 Nb4 16. Qb1 Nxc4 17. Nf3 Nd5 18. Nxd5 Qxd5 19. O-O Rfe8 20. Qb3 b5 21. Rb1
c6 22. Rc2 Bd6 23. Re1 a5 24. Nd2 Bb4 25. Rxc4 bxc4 26. Qc2 Re6 27. Rf1 Bxd2
28. Qxd2 Rg6 29. g3 Qh5 30. Kg2 Re8 31. Rc1 Qd5+ 32. Kh2 Rb8 33. Qc2 Qf3 34.
Qxc4 Rb2 35. Rc2 Rb1 36. Rc1 Rb8 37. Qc2 h5 38. h4 Re8 39. Re1 Re4 {
MaxDev resigns} 0-1

[Event "ICS rated standard match"]
[Site "204.178.125.65"]
[Date "2000.08.08"]
[Round "?"]
[White "Hossa"]
[Black "MaxDev"]
[Result "1-0"]
[WhiteElo "2372"]
[BlackElo "2311"]
[PlyCount "95"]
[EventDate "2000.??.??"]

1. d4 d5 2. Nf3 Nf6 3. c4 c6 4. e3 a6 5. Bd3 e6 6. O-O dxc4 7. Bxc4 b5 8. Bd3
Bb7 9. a4 Nbd7 10. e4 Be7 11. axb5 cxb5 12. Qe2 O-O 13. Bg5 Rc8 14. Nbd2 h6 15.
Bf4 Qb6 16. Nb3 Rfd8 17. Rfc1 Rxc1+ 18. Rxc1 Rc8 19. Rxc8+ Bxc8 20. Qc2 Bb7 21.
Ne5 Nxe5 22. Bxe5 Nd7 23. Bf4 Qc6 24. Qd2 Qc8 25. Qe3 Bb4 26. Qg3 Kf8 27. Bd6+
Bxd6 28. Qxd6+ Kg8 29. f3 Qc6 30. Qe7 Nf8 31. Nc5 Bc8 32. b4 a5 33. bxa5 b4 34.
Bc4 Ng6 35. Qd8+ Kh7 36. Qb6 Bd7 37. Qxc6 Bxc6 38. d5 exd5 39. exd5 Ba8 40. d6
Ne5 41. d7 Nxd7 42. Nxd7 f5 43. a6 g5 44. Bd5 Bxd5 45. Nf6+ Kg6 46. Nxd5 b3 47.
a7 b2 48. Nc3 {MaxDev resigns} 1-0

[Event "ICS rated standard match"]
[Site "204.178.125.65"]
[Date "2000.08.08"]
[Round "?"]
[White "Downhill"]
[Black "Hossa"]
[Result "0-1"]
[WhiteElo "1939"]
[BlackElo "2374"]
[PlyCount "55"]
[EventDate "2000.??.??"]

1. d4 Nf6 2. c4 g6 3. Nc3 d5 4. cxd5 Nxd5 5. e4 Nxc3 6. bxc3 c5 7. Bc4 Bg7 8.
Be3 cxd4 9. Bxd4 Bxd4 10. Qxd4 O-O 11. Ne2 Nc6 12. Qe3 Ne5 13. Bd5 e6 14. Bb3
Qd3 15. Qd4 Qxd4 16. cxd4 Nd3+ 17. Kf1 Bd7 18. Bc4 Nb2 19. Bb3 Rac8 20. Rb1 Nd3
21. g3 Kg7 22. Kg2 f5 23. e5 f4 24. f3 fxg3 25. hxg3 a5 26. a3 a4 27. Ba2 Rc2
28. Rb6 {Downhill resigns} 0-1

[Event "ICS rated standard match"]
[Site "204.178.125.65"]
[Date "2000.08.08"]
[Round "?"]
[White "Hossa"]
[Black "RudiLenz"]
[Result "1/2-1/2"]
[WhiteElo "2374"]
[BlackElo "2120"]
[PlyCount "144"]
[EventDate "2000.??.??"]

1. d4 d5 2. Nf3 Nf6 3. c4 dxc4 4. e3 e6 5. Bxc4 c5 6. O-O a6 7. dxc5 Qxd1 8.
Rxd1 Bxc5 9. a3 b5 10. Be2 Bb7 11. b4 Be7 12. Bb2 Nc6 13. Nbd2 Rc8 14. Nb3 Rd8
15. Nc5 Bxc5 16. Rxd8+ Kxd8 17. bxc5 Ke7 18. Rd1 Rd8 19. Rxd8 Kxd8 20. Ng5 Ke7
21. Bxf6+ gxf6 22. Nxh7 Ne5 23. f3 Nd7 24. h4 Nxc5 25. h5 Nd7 26. Kf2 Bc6 27.
h6 f5 28. Ng5 Nf8 29. h7 Ng6 30. f4 Nh8 31. Bh5 Be8 32. Ke2 Kd6 33. Kd2 a5 34.
Kc3 Kd5 35. Nf3 Ke4 36. Nd4 Kxe3 37. Nxe6 fxe6 38. Bxe8 b4+ 39. axb4 axb4+ 40.
Kxb4 Kxf4 41. Kc5 Ke5 42. Kc6 Kf6 43. Kd6 e5 44. Kd5 e4 45. Kd4 Kg7 46. Bd7 Kf6
47. Ke3 Ke5 48. Kd2 f4 49. Kc3 f3 50. g3 Kd5 51. Kd2 Kd4 52. Bc6 Ng6 53. Ke1
Ke3 54. Be8 Nh8 55. Kf1 f2 56. Bh5 Kd2 57. Kxf2 e3+ 58. Kf1 Kd3 59. Bd1 Kd2 60.
Bf3 Kd3 61. g4 Kd2 62. g5 Kd3 63. Ke1 Kd4 64. Bd1 Ke5 65. Bc2 Ke6 66. Ke2 Kf7
67. Kxe3 Kg7 68. Kd2 Nf7 69. h8=Q+ Nxh8 70. Ke1 Nf7 71. g6 Ne5 72. Bb3 Nxg6
1/2-1/2

[Event "ICS rated blitz match"]
[Site "204.178.125.65"]
[Date "2000.08.08"]
[Round "?"]
[White "PostModernist"]
[Black "Hossa"]
[Result "1-0"]
[WhiteElo "2600"]
[BlackElo "2549"]
[PlyCount "113"]
[EventDate "2000.??.??"]

1. d4 Nf6 2. c4 g6 3. Nc3 d5 4. cxd5 Nxd5 5. e4 Nxc3 6. bxc3 c5 7. Nf3 Bg7 8.
Rb1 O-O 9. Be2 Nc6 10. d5 Bxc3+ 11. Bd2 Bxd2+ 12. Qxd2 Nd4 13. Nxd4 cxd4 14.
Qxd4 Qa5+ 15. Qd2 Qxd2+ 16. Kxd2 Rb8 17. g4 Rd8 18. Ke3 Kg7 19. Rhc1 e6 20. Rd1
exd5 21. Rxd5 Rf8 22. Rd2 Be6 23. f4 Rfc8 24. f5 Bc4 25. g5 gxf5 26. exf5 Bxe2
27. Rxe2 Kg8 28. Kf3 Rc3+ 29. Kg4 Rc4+ 30. Kh5 b6 31. f6 Ra4 32. Rd1 Rf8 33.
Rd7 a5 34. Red2 Re8 35. Rb7 Rb4 36. h4 Rf8 37. Rd6 Ra4 38. Rdxb6 Rxa2 39. Rb8
Re2 40. Rxf8+ Kxf8 41. Kh6 Ke8 42. Rb8+ Kd7 43. Rb7+ Kd6 44. Rxf7 Re4 45. Ra7
Rxh4+ 46. Kg7 a4 47. f7 Kc6 48. f8=Q a3 49. Qf5 Rc4 50. Ra6+ Kc7 51. Qf7+ Kd8
52. Qf8+ Kc7 53. Qe7+ Kb8 54. Rb6+ Kc8 55. Qb7+ Kd8 56. Rd6+ Ke8 57. Qd7# {
Hossa checkmated} 1-0

[Event "ICS rated standard match"]
[Site "204.178.125.65"]
[Date "2000.08.08"]
[Round "?"]
[White "cwalter"]
[Black "Hossa"]
[Result "1/2-1/2"]
[WhiteElo "2279"]
[BlackElo "2371"]
[PlyCount "58"]
[EventDate "2000.??.??"]

1. e4 Nf6 2. e5 Nd5 3. c4 Nb6 4. d4 d6 5. f4 dxe5 6. fxe5 Nc6 7. Be3 Bf5 8. Nc3
Nb4 9. Rc1 e6 10. Nf3 Be7 11. a3 Nc6 12. d5 Nb8 13. d6 cxd6 14. exd6 Bf6 15.
Bd4 Bxd4 16. Qxd4 O-O 17. c5 Nc6 18. Qd2 Nd7 19. b4 a5 20. b5 Nce5 21. Nxe5
Nxe5 22. Be2 Qh4+ 23. g3 Qh3 24. Qe3 f6 25. Bf1 Qh5 26. Be2 Qh3 27. Bf1 Qh5 28.
Be2 Qh3 29. Bf1 Qh5 1/2-1/2

[Event "ICS rated standard match"]
[Site "204.178.125.65"]
[Date "2000.08.09"]
[Round "?"]
[White "Hossa"]
[Black "barrie"]
[Result "1-0"]
[WhiteElo "2368"]
[BlackElo "1973"]
[PlyCount "87"]
[EventDate "2000.??.??"]

1. e4 e6 2. d4 d5 3. e5 c5 4. c3 Nc6 5. Nf3 Nh6 6. Bxh6 gxh6 7. Be2 Bd7 8. O-O
cxd4 9. cxd4 Rc8 10. Nc3 a6 11. Qd3 Bg7 12. Ne1 Qg5 13. f4 Qg6 14. Qd1 Bf8 15.
f5 Qg5 16. fxe6 Bxe6 17. Nc2 Rg8 18. Bf3 Rd8 19. Rc1 h5 20. Qe2 Bg4 21. Bxg4
Qxg4 22. Qf2 Qe6 23. Rcd1 Be7 24. Rd3 Rd7 25. Rg3 Rxg3 26. Qxg3 Qg6 27. Qf2 Bg5
28. e6 Rd6 29. exf7+ Kf8 30. Qe2 Re6 31. Qd1 Ne7 32. Nb4 Rd6 33. Kh1 Bf6 34.
Qd2 Qxf7 35. Qf4 Nc8 36. Nbxd5 Kg7 37. Ne3 Re6 38. d5 Rb6 39. Ne4 Qg6 40. Qc7+
Be7 41. Nf5+ Qxf5 42. Rxf5 Rxb2 43. Qe5+ Bf6 44. Qxf6+ {barrie resigns} 1-0

[Event "ICS rated standard match"]
[Site "204.178.125.65"]
[Date "2000.08.09"]
[Round "?"]
[White "greekgift"]
[Black "Hossa"]
[Result "0-1"]
[WhiteElo "1952"]
[BlackElo "2371"]
[PlyCount "37"]
[EventDate "2000.??.??"]

1. e4 d5 2. exd5 Qxd5 3. Nc3 Qe6+ 4. Be2 Qg6 5. Nf3 Qxg2 6. Rg1 Qh3 7. d4 Bd7
8. Bf4 c6 9. Ne5 Bc8 10. Rg3 Qxh2 11. Bc4 Qh1+ 12. Ke2 Qxd1+ 13. Rxd1 e6 14.
Rf3 Nd7 15. Ne4 Ngf6 16. Ng5 Nxe5 17. Bxe5 h6 18. Bxf6 gxf6 19. Ne4 {
greekgift resigns} 0-1

[Event "ICS rated standard match"]
[Site "204.178.125.65"]
[Date "2000.08.09"]
[Round "?"]
[White "Hossa"]
[Black "greekgift"]
[Result "1-0"]
[WhiteElo "2374"]
[BlackElo "1949"]
[PlyCount "21"]
[EventDate "2000.??.??"]

1. e4 c5 2. g3 d5 3. exd5 Qxd5 4. Nf3 Bg4 5. Be2 b6 6. Nc3 Qb7 7. O-O Nf6 8.
Ne5 Bxe2 9. Qxe2 g6 10. Nb5 Bg7 11. Nxg6 {greekgift resigns} 1-0

[Event "ICS rated standard match"]
[Site "204.178.125.65"]
[Date "2000.08.09"]
[Round "?"]
[White "greekgift"]
[Black "Hossa"]
[Result "0-1"]
[WhiteElo "1946"]
[BlackElo "2377"]
[PlyCount "34"]
[EventDate "2000.??.??"]

1. e4 d5 2. exd5 Qxd5 3. Nc3 Qe6+ 4. Be2 Qg6 5. Nf3 Qxg2 6. Rg1 Qh3 7. Bc4 h6
8. d4 Nf6 9. Bf4 c6 10. d5 Qf5 11. Qd4 g5 12. Nxg5 hxg5 13. Rxg5 Qxc2 14. Rc1
Qxb2 15. d6 Rxh2 16. Re5 Rh1+ 17. Bf1 Bh3 {greekgift resigns} 0-1

[Event "ICS rated standard match"]
[Site "204.178.125.65"]
[Date "2000.08.09"]
[Round "?"]
[White "Hossa"]
[Black "Falke"]
[Result "1-0"]
[WhiteElo "2379"]
[BlackElo "2394"]
[PlyCount "124"]
[EventDate "2000.??.??"]

1. d4 Nf6 2. c4 e6 3. Nf3 c5 4. g3 cxd4 5. Nxd4 Bb4+ 6. Nc3 Bxc3+ 7. bxc3 d5 8.
Ba3 Bd7 9. Bg2 Qa5 10. Qc1 Bc6 11. Rb1 dxc4 12. Nxc6 bxc6 13. Bd6 Nbd7 14. Bxc6
Rc8 15. Bb7 Rd8 16. Qa3 Qxa3 17. Bxa3 Nd5 18. Bxd5 exd5 19. O-O Nb6 20. Bc5 Na4
21. Bd4 O-O 22. Rb7 a5 23. Rfb1 Rde8 24. e3 Ra8 25. Rd7 Rfd8 26. Rxd8+ Rxd8 27.
Rb5 Ra8 28. Rxd5 Kf8 29. Rb5 h6 30. f3 g6 31. Rb7 Rd8 32. h3 Ra8 33. Bf6 h5 34.
Kg2 Ke8 35. h4 Ra6 36. Bd4 Kf8 37. e4 Ke8 38. Kh2 Kf8 39. Kh3 Ke8 40. a3 Kf8
41. Kg2 Ke8 42. Kf1 Kf8 43. Ke2 Ke8 44. Ke3 Kf8 45. Kf2 Ra8 46. Bf6 Ke8 47.
Re7+ Kf8 48. Rc7 Nb2 49. Ke3 Ke8 50. Kd4 Rb8 51. Ra7 a4 52. Rc7 Rb6 53. e5 Rb8
54. Be7 Rb3 55. Bd6 Nd1 56. Rxc4 Rb2 57. Rxa4 Rd2+ 58. Kc5 Nxc3 59. Ra8+ Kd7
60. Ra7+ Ke8 61. Kc6 f5 62. Bb4 Rd4 {Falke resigns} 1-0

[Event "ICS rated standard match"]
[Site "204.178.125.65"]
[Date "2000.08.09"]
[Round "?"]
[White "Hossa"]
[Black "stevesand"]
[Result "1/2-1/2"]
[WhiteElo "2396"]
[BlackElo "2066"]
[PlyCount "97"]
[EventDate "2000.??.??"]

1. e4 c6 2. c4 d5 3. exd5 cxd5 4. cxd5 Nf6 5. Bb5+ Nbd7 6. Nc3 g6 7. Nf3 Bg7 8.
d6 exd6 9. Qe2+ Qe7 10. Qxe7+ Kxe7 11. O-O Re8 12. d4 a6 13. Re1+ Kf8 14. Be2
b5 15. Bf4 d5 16. a4 Bb7 17. axb5 axb5 18. Bxb5 Rxe1+ 19. Rxe1 Nb6 20. h3 h6
21. g3 Ne4 22. Nxe4 dxe4 23. Bd6+ Kg8 24. Ne5 Bf8 25. Bxf8 Kxf8 26. Nc4 Nxc4
27. Bxc4 f5 28. d5 Bc8 29. d6 Rb8 30. b3 Rb6 31. Rd1 Ke8 32. h4 Kd7 33. Bf7 g5
34. Bg6 Kd8 35. hxg5 hxg5 36. b4 Be6 37. g4 fxg4 38. Bxe4 Rxb4 39. Bc6 Rb6 40.
Ba4 Rb4 41. Re1 Bd7 42. Bc2 Rd4 43. Rd1 Rxd1+ 44. Bxd1 Be6 45. Ba4 Bd7 46. Bb3
Bf5 47. Ba4 Bd7 48. Bb3 Bf5 49. Ba4 1/2-1/2

[Event "ICS rated blitz match"]
[Site "204.178.125.65"]
[Date "2000.08.09"]
[Round "?"]
[White "Hossa"]
[Black "PostModernist"]
[Result "0-1"]
[WhiteElo "2535"]
[BlackElo "2598"]
[PlyCount "164"]
[EventDate "2000.??.??"]

1. e4 c5 2. g3 Nc6 3. Nc3 g6 4. Nf3 d6 5. Bg2 Bg7 6. O-O Bg4 7. d3 Nf6 8. h3
Bxf3 9. Bxf3 O-O 10. Bg5 e6 11. Qd2 Qe7 12. Bg2 Rfe8 13. f4 h6 14. Bh4 Qf8 15.
Nb5 Rec8 16. e5 Ne8 17. Rae1 dxe5 18. fxe5 g5 19. Bxg5 hxg5 20. Qxg5 c4 21.
Bxc6 Rxc6 22. Nd4 Qc5 23. Qf4 Rc7 24. dxc4 Rd7 25. c3 Qxc4 26. a3 a5 27. Rf2 a4
28. Qf3 Qd5 29. Qg4 Rc8 30. Qf4 b6 31. h4 Rc5 32. Nf3 Rc4 33. Qg5 Re4 34. Rxe4
Qxe4 35. h5 Kh7 36. h6 Bxh6 37. Qh5 Qe3 38. Kg2 Ng7 39. Qh4 b5 40. g4 Kg8 41.
g5 Nf5 42. Qb4 Bxg5 43. Qg4 Rd3 44. Nxg5 Qg3+ 45. Qxg3 Rxg3+ 46. Kf1 Rxg5 47.
Ke2 Nh4 48. Kd1 Ng6 49. Kc2 Nxe5 50. b3 Rg4 51. Rd2 Kg7 52. bxa4 bxa4 53. Rd8
Nc4 54. Kd3 Nxa3 55. Rc8 Rg3+ 56. Ke2 Nb1 57. Kf2 Rxc3 58. Rb8 Rb3 59. Ra8 a3
60. Ke1 Rb2 61. Kd1 Nc3+ 62. Kc1 Ne2+ 63. Kd1 a2 64. Ke1 Nd4 65. Kd1 Kf6 66.
Kc1 Rc2+ 67. Kd1 Kf5 68. Ra3 Rh2 69. Ra7 Kf4 70. Ra4 a1=R+ 71. Rxa1 Rh1+ 72.
Kd2 Rxa1 73. Kc3 Ke3 74. Kb4 f5 75. Kc5 f4 76. Kd6 f3 77. Kc7 f2 78. Kd6 f1=Q
79. Kc7 Qf4+ 80. Kb7 Qf7+ 81. Kb8 Nc6+ 82. Kc8 Ra8# {Hossa checkmated} 0-1

[Event "ICS rated standard match"]
[Site "204.178.125.65"]
[Date "2000.08.09"]
[Round "?"]
[White "barrie"]
[Black "Hossa"]
[Result "0-1"]
[WhiteElo "1970"]
[BlackElo "2384"]
[PlyCount "98"]
[EventDate "2000.??.??"]

1. d4 f5 2. c4 Nf6 3. g3 d6 4. Bg2 e6 5. Nf3 Be7 6. O-O O-O 7. b3 Ne4 8. Qc2
Bf6 9. Nc3 Nxc3 10. Qxc3 c5 11. e3 Nc6 12. Rd1 e5 13. Bb2 exd4 14. exd4 f4 15.
Qd3 fxg3 16. hxg3 Bg4 17. Bc3 cxd4 18. Nxd4 Bxd4 19. Bxd4 Bxd1 20. Rxd1 Nxd4
21. Qxd4 Qe7 22. Qxd6 Qe2 23. Qd4 Rab8 24. Bd5+ Kh8 25. Rd2 Qe1+ 26. Kg2 b6 27.
Rd1 Rxf2+ 28. Qxf2 Qxd1 29. Qf4 Qe2+ 30. Kh3 Qh5+ 31. Kg2 Re8 32. Bf3 Qg6 33.
Qd2 Rf8 34. Qe2 Qf6 35. Bd5 g5 36. Bf3 h6 37. Bd5 g4 38. b4 h5 39. c5 Qd4 40.
Bc4 bxc5 41. bxc5 Qxc5 42. Qb2+ Kh7 43. Qc2+ Kg7 44. Qc3+ Rf6 45. Qc2 Qe3 46.
Bd5 h4 47. Qc7+ Kh6 48. gxh4 Rf2+ 49. Kg1 Qe1# {barrie checkmated} 0-1

[Event "ICS rated standard match"]
[Site "204.178.125.65"]
[Date "2000.08.09"]
[Round "?"]
[White "Hossa"]
[Black "barrie"]
[Result "1-0"]
[WhiteElo "2387"]
[BlackElo "1967"]
[PlyCount "127"]
[EventDate "2000.??.??"]

1. e4 e6 2. d4 d5 3. e5 c5 4. c3 Nc6 5. Nf3 Nh6 6. Bxh6 gxh6 7. Be2 cxd4 8.
cxd4 Bg7 9. Nc3 a6 10. O-O O-O 11. Bd3 Kh8 12. Bc2 f5 13. Bb3 Bd7 14. Ne2 Be8
15. Nf4 Bf7 16. Rc1 Rc8 17. h4 Na5 18. Ba4 b5 19. Rxc8 Qxc8 20. Bc2 Qd7 21. Qe2
Rc8 22. Bxf5 exf5 23. e6 Bxe6 24. Qxe6 Qxe6 25. Nxe6 Bf6 26. Nf4 Rc2 27. Nxd5
Bg7 28. Rb1 Nc4 29. Nb4 Rxb2 30. Rxb2 Nxb2 31. Nxa6 Nd3 32. d5 Kg8 33. d6 Kf7
34. Nc7 b4 35. d7 Bf6 36. Nd4 Ke7 37. Nd5+ Kxd7 38. Nxf6+ Kd6 39. f4 Nc1 40.
Nxh7 Nxa2 41. Nxf5+ Kc5 42. Nf6 b3 43. Ne4+ Kd5 44. Nd2 b2 45. Nxh6 Nc3 46. Kf1
b1=Q+ 47. Nxb1 Nxb1 48. h5 Nd2+ 49. Ke2 Ne4 50. Nf5 Ke6 51. h6 Nf6 52. g4 Kf7
53. g5 Nh7 54. Nh4 Nf8 55. g6+ Nxg6 56. Nxg6 Kxg6 57. Kf3 Kxh6 58. Ke4 Kg6 59.
Ke5 Kf7 60. Kf5 Ke7 61. Kg6 Kf8 62. f5 Kg8 63. f6 Kf8 64. f7 {barrie resigns}
1-0

[Event "ICS Rated standard match"]
[Site "204.178.125.65"]
[Date "2000.08.09"]
[Round "?"]
[White "greekgift"]
[Black "Hossa"]
[Result "0-1"]
[WhiteElo "1933"]
[BlackElo "2390"]
[PlyCount "74"]
[EventDate "2000.??.??"]

1. e4 c5 2. Nf3 d6 3. d4 cxd4 4. Nxd4 Nf6 5. Nc3 a6 6. Bc4 e6 7. Bb3 b5 8. O-O
b4 9. Na4 Nxe4 10. f4 Bb7 11. f5 e5 12. Ne6 fxe6 13. Qh5+ Kd7 14. fxe6+ Kc8 15.
Be3 Nf6 16. Qh4 Nc6 17. Nb6+ Kb8 18. Rxf6 gxf6 19. Bd5 Nd4 20. Bxd4 Bxd5 21.
Nxd5 exd4 22. Re1 Ra7 23. Qxd4 a5 24. c3 bxc3 25. Qxc3 Be7 26. Qc6 Qc8 27. Qb6+
Qb7 28. Qd4 Rg8 29. Re3 a4 30. Rg3 Rxg3 31. hxg3 Qc6 32. Nxf6 Qc1+ 33. Kf2 Rb7
34. Nd7+ Kc7 35. Qg7 Rxb2+ 36. Kf3 Qd1+ 37. Kf4 Rf2+ {greekgift resigns} 0-1

[Event "ICS rated standard match"]
[Site "204.178.125.65"]
[Date "2000.08.09"]
[Round "?"]
[White "Hossa"]
[Black "IZZYLISTED"]
[Result "1-0"]
[WhiteElo "2392"]
[BlackElo "2209"]
[PlyCount "53"]
[EventDate "2000.??.??"]

1. e4 c5 2. Nf3 Nf6 3. e5 Nd5 4. Nc3 e6 5. Ne4 Nc6 6. Nd6+ Bxd6 7. exd6 O-O 8.
d4 cxd4 9. Nxd4 Qb6 10. Nxc6 Qxc6 11. c4 Nf6 12. Bf4 b6 13. Qd4 Ba6 14. Be5 Ne8
15. Qd3 f6 16. Bg3 Rc8 17. Rc1 f5 18. Qd4 Nf6 19. f3 Qa4 20. b3 Qa5+ 21. Qd2
Qc5 22. b4 Qc6 23. Bf4 e5 24. Bg5 Bb7 25. Be2 h6 26. Be3 a5 27. b5 {
IZZYLISTED resigns} 1-0

[Event "ICS rated blitz match"]
[Site "204.178.125.65"]
[Date "2000.08.09"]
[Round "?"]
[White "Hossa"]
[Black "MissSilicon"]
[Result "0-1"]
[WhiteElo "2522"]
[BlackElo "2670"]
[PlyCount "82"]
[EventDate "2000.??.??"]

1. e4 c5 2. Nf3 e6 3. d4 cxd4 4. Nxd4 Nc6 5. Nb5 d6 6. Bf4 e5 7. Be3 a6 8. N5c3
Nf6 9. Nd5 Nxd5 10. exd5 Ne7 11. Nc3 f5 12. Bg5 Qb6 13. Qc1 h6 14. Be3 Qa5 15.
a3 f4 16. b4 Qc7 17. Bd2 Bf5 18. Be2 Ng6 19. O-O Be7 20. b5 O-O 21. bxa6 bxa6
22. Rb1 Rfb8 23. Rxb8+ Qxb8 24. Bh5 Qc8 25. Rd1 Rb8 26. Rf1 Nh4 27. Re1 Bg4 28.
Bxf4 Bxh5 29. Qa1 Nf3+ 30. gxf3 Bxf3 31. Rxe5 dxe5 32. Bxe5 Rb6 33. d6 Bxd6 34.
Qa2+ Kf8 35. Ne2 Qg4+ 36. Ng3 Qh3 37. Bxg7+ Kxg7 38. Nh5+ Kf8 39. Nf4 Bxf4 40.
Qg8+ Kxg8 41. c4 Bxh2# {Hossa checkmated} 0-1

[Event "ICS rated blitz match"]
[Site "204.178.125.65"]
[Date "2000.08.09"]
[Round "?"]
[White "MissSilicon"]
[Black "Hossa"]
[Result "1-0"]
[WhiteElo "2680"]
[BlackElo "2512"]
[PlyCount "127"]
[EventDate "2000.??.??"]

1. Nf3 Nf6 2. c4 e6 3. Nc3 c5 4. d4 cxd4 5. Nxd4 Nc6 6. g3 Bb4 7. Bg2 Ne5 8.
Qb3 Bc5 9. Be3 Qb6 10. O-O-O Qxb3 11. axb3 Neg4 12. Ncb5 Nxe3 13. fxe3 O-O 14.
h3 a5 15. e4 Ra6 16. e5 Nh5 17. g4 Nf4 18. Be4 a4 19. Kb1 axb3 20. Nxb3 Bb4 21.
Nc1 f5 22. gxf5 exf5 23. Bf3 Rd8 24. Nd3 Nxd3 25. exd3 g6 26. Nc7 Ra4 27. Kc2
Bc5 28. Kb3 Ra7 29. d4 Be7 30. Ra1 Rxa1 31. Rxa1 Rf8 32. Nd5 Bh4 33. Nb6 Bf2
34. Kc3 g5 35. Ra8 g4 36. Bd5+ Kg7 37. hxg4 fxg4 38. Rxc8 Rxc8 39. Nxc8 Kf8 40.
Nb6 Ke8 41. Bxb7 Kd8 42. Nd5 g3 43. Nf6 h6 44. Kd3 Be1 45. Bg2 Kc8 46. Ne4 Kd8
47. Ke2 Bb4 48. c5 Kc8 49. Nxg3 Kc7 50. Nh5 Kd8 51. Bh3 d6 52. exd6 Ke8 53.
Nf6+ Kf7 54. Nd5 Ba5 55. c6 h5 56. b4 Bd8 57. c7 Bh4 58. c8=Q Kg7 59. Qd7+ Kh6
60. Bf5 Be7 61. Qxe7 h4 62. Qxh4+ Kg7 63. Qf6+ Kg8 64. Ne7# {Hossa checkmated}
1-0

[Event "ICS rated standard match"]
[Site "204.178.125.65"]
[Date "2000.08.09"]
[Round "?"]
[White "Hossa"]
[Black "barrie"]
[Result "1-0"]
[WhiteElo "2398"]
[BlackElo "1965"]
[PlyCount "45"]
[EventDate "2000.??.??"]

1. e4 e6 2. d4 d5 3. e5 c5 4. c3 Nc6 5. Nf3 Nh6 6. Bxh6 gxh6 7. Be2 cxd4 8.
cxd4 Bg7 9. Nc3 O-O 10. Bb5 Bd7 11. O-O f6 12. exf6 Rxf6 13. Kh1 Rxf3 14. gxf3
Nxd4 15. Bxd7 Qxd7 16. Rg1 Kh8 17. Rg4 Nf5 18. f4 Qc6 19. Qe2 Re8 20. Rag1 Bxc3
21. bxc3 d4+ 22. R1g2 dxc3 23. Qe5+ {barrie resigns} 1-0

[Event "ICS rated standard match"]
[Site "204.178.125.65"]
[Date "2000.08.09"]
[Round "?"]
[White "barrie"]
[Black "Hossa"]
[Result "0-1"]
[WhiteElo "1963"]
[BlackElo "2400"]
[PlyCount "34"]
[EventDate "2000.??.??"]

1. d4 Nf6 2. c4 Nc6 3. Nc3 e5 4. dxe5 Nxe5 5. e4 Bb4 6. f3 O-O 7. Qc2 d6 8. Bg5
c6 9. Nge2 Nxc4 10. a3 Bc5 11. b4 Be3 12. Bxf6 Qxf6 13. Rd1 Be6 14. Ng3 Nxa3
15. Qd3 Bc4 16. Nd5 Qb2 17. Ne7+ Kh8 {barrie resigns} 0-1

[Event "ICS Rated standard match"]
[Site "204.178.125.65"]
[Date "2000.08.09"]
[Round "?"]
[White "Hossa"]
[Black "PostModernist"]
[Result "1/2-1/2"]
[WhiteElo "2402"]
[BlackElo "2369"]
[PlyCount "153"]
[EventDate "2000.??.??"]

1. e4 c5 2. Bc4 e6 3. Nc3 Nc6 4. Nf3 a6 5. d4 b5 6. d5 Nd4 7. Bf1 Nxf3+ 8. Qxf3
b4 9. dxe6 dxe6 10. e5 Ra7 11. Ne4 Qd4 12. Nd6+ Bxd6 13. Qc6+ Bd7 14. Qxd6 Ne7
15. Bg5 Nc6 16. Qxd4 cxd4 17. f4 O-O 18. Bd3 a5 19. Be4 a4 20. Rd1 a3 21. b3 f6
22. exf6 gxf6 23. Bh6 Rc8 24. Rd3 Kh8 25. O-O Rg8 26. f5 exf5 27. Bd5 Rg6 28.
Bf8 Ra8 29. Bxb4 Nxb4 30. Bxa8 Nxd3 31. cxd3 Rg8 32. Bd5 Re8 33. Rf4 Re1+ 34.
Kf2 Rb1 35. Rxd4 Rb2+ 36. Ke3 Rxa2 37. Rb4 Rc2 38. Rb6 Rc5 39. Bc4 Ra5 40. b4
a2 41. Rb8+ Kg7 42. Bxa2 Rxa2 43. Rb7 Rxg2 44. Rxd7+ Kg6 45. h4 Rg3+ 46. Kd2 f4
47. h5+ Kxh5 48. Rxh7+ Kg4 49. Rh6 f5 50. Rg6+ Kh3 51. Rh6+ Kg2 52. Rh5 f3 53.
Rxf5 Kf1 54. b5 f2 55. b6 Rg8 56. Ke3 Ke1 57. Rxf2 Re8+ 58. Kd4 Kxf2 59. b7 Rb8
60. Kc5 Rxb7 61. d4 Rc7+ 62. Kd6 Rc4 63. Ke5 Ke3 64. d5 Re4+ 65. Kf6 Rd4 66.
Ke6 Re4+ 67. Kf6 Rf4+ 68. Ke5 Rf2 69. d6 Rd2 70. Ke6 Kd4 71. d7 Kc5 72. Ke7
Re2+ 73. Kf7 Rd2 74. Ke7 Re2+ 75. Kf7 Rf2+ 76. Ke8 Re2+ 77. Kf7 1/2-1/2

[Event "ICS Rated standard match"]
[Site "204.178.125.65"]
[Date "2000.08.10"]
[Round "?"]
[White "Hossa"]
[Black "KampfTrinker"]
[Result "1-0"]
[WhiteElo "2400"]
[BlackElo "2362"]
[PlyCount "30"]
[EventDate "2000.??.??"]

1. e4 e5 2. Nf3 Nc6 3. Bc4 Nf6 4. Ng5 d5 5. exd5 Na5 6. d3 h6 7. Nf3 e4 8. Nfd2
Bg4 9. Bb5+ c6 10. dxc6 bxc6 11. f3 cxb5 12. fxg4 exd3 13. O-O dxc2 14. Qxc2
Rc8 15. Qf5 Bc5+ 1-0

[Event "ICS rated blitz match"]
[Site "204.178.125.65"]
[Date "2000.08.10"]
[Round "?"]
[White "Hossa"]
[Black "MissSilicon"]
[Result "1/2-1/2"]
[WhiteElo "2503"]
[BlackElo "2670"]
[PlyCount "136"]
[EventDate "2000.??.??"]

1. e4 e5 2. Nc3 Nf6 3. Bc4 Nxe4 4. Qh5 Nd6 5. Qxe5+ Qe7 6. Qxe7+ Bxe7 7. Bb3 b5
8. d3 Nc6 9. Nf3 Na5 10. Bf4 a6 11. Nd5 Nxb3 12. cxb3 Kd8 13. O-O Bb7 14. Nxe7
Kxe7 15. Rfe1+ Kd8 16. Nd4 g6 17. Kf1 f6 18. Bxd6 cxd6 19. a4 b4 20. Rac1 Re8
21. Rxe8+ Kxe8 22. a5 Bd5 23. f4 Kf7 24. g4 g5 25. Rc7 Ke7 26. fxg5 fxg5 27. h3
h6 28. Nf5+ Kd8 29. Rc1 Bxb3 30. Nxd6 Ke7 31. Nf5+ Kf6 32. Rc5 Re8 33. Rc7 Be6
34. Ra7 Bxf5 35. gxf5 Re3 36. Rxa6+ Kxf5 37. Rxh6 Rxd3 38. a6 Rd2 39. Rh8 Rd1+
40. Kf2 Ra1 41. Ra8 Ke4 42. a7 Kd5 43. Kf3 Kd6 44. Kg4 Ra5 45. Kh5 Kc7 46. b3
Kd6 47. Rb8 Rxa7 48. Rxb4 Ra5 49. Rg4 Rb5 50. b4 Ke6 51. Kg6 d5 52. Rd4 Ke5 53.
Rg4 Rb6+ 54. Kxg5 d4 55. h4 d3 56. Rg1 Rxb4 57. Rd1 Rb5 58. Rxd3 Ke4+ 59. Kg4
Kxd3 60. h5 Ke3 61. h6 Rb8 62. Kf5 Kd4 63. h7 Kd5 64. Kg6 Rh8 65. Kg7 Ke6 66.
Kg6 Kd7 67. Kg7 Ke8 68. Kxh8 Kf7 {Hossa stalemated} 1/2-1/2